00650nam a2200193 450000500170000001000150001702000260003203500140005803700130007208200080008510000160009324500960010926000410020527000930024630000260033950000500036570000220041570000190043720191213160030.0 aENG-127137 a9789353940348c475.00 aEN-110669 bDBAD/PUB a658 aBeech, John aThe business of events management /bed.by John Beech, Sebastian Kaiser [and] Robert Kaspar aNoidabPearson India Educationc2020 a15th Floor, Tower-b, World Trade Tower, Plot No.-1, Block -C, Sector 16bNoida e201301 axxii;391p.c24cm(pbk) aIncludes bibliographical references and index aKaiser, Sebastian aKaspar, Robert